Normal view
MARC view
- Thought and thinking
Entry Topical Term
001 - CONTROL NUMBER
- control field: 37159
003 - CONTROL NUMBER IDENTIFIER
- control field: NUST
005 - DATE AND TIME OF LATEST TRANSACTION
- control field: 20210314130214.0
008 - FIXED-LENGTH DATA ELEMENTS
- fixed length control field: 210314|| aca||aabn | a|a d
040 ## - CATALOGING SOURCE
- Original cataloging agency: NUST
- Transcribing agency: NUST
150 ## - HEADING--TOPICAL TERM
- Topical term or geographic name entry element: Thought and thinking
- General subdivision: Study and teaching
670 ## - SOURCE DATA FOUND
- Source citation: Work cat.: (NUST): De Bono, Edward, 37018, Teaching thinking /, 1976.
